000
00200 a2200097 4500
020
_a
9781603960144
041
_a
spa
100
_a
Suzanne Collins
245
_a
Gregor de las tierras altas
942
_c
BK
999
_c
29011
_d
29009